Leadership : regional and global perspectives (Record no. 48986)

MARC details
000 -LEADER
fixed length control field 01066nam a2200265 a 4500
008 - FIXED-LENGTH DATA ELEMENTS--GENERAL INFORMATION
fixed length control field 200806s2018 ||||||||||||||||| || u
020 ## - INTERNATIONAL STANDARD BOOK NUMBER
International Standard Book Number 9781108459297
050 ## - LIBRARY OF CONGRESS CALL NUMBER
Classification number HD 57.7 Mue
100 ## - MAIN ENTRY--PERSONAL NAME
Personal name Fitzgerald, Martin
245 10 - TITLE STATEMENT
Title Leadership : regional and global perspectives
Statement of responsibility, etc. By Nuttawuth Muenjohn; Adela McMurray; Mario Fernando; James Hunt; Martin Fitzgerald; Bernard mcKenna; Ali Intezari; Sarah Bankins; Jennifer Waterhouse
260 ## - PUBLICATION, DISTRIBUTION, ETC.
Place of publication, distribution, etc. Cambridge
Name of publisher, distributor, etc. Cambridge University Press
Date of publication, distribution, etc. 2018
300 ## - PHYSICAL DESCRIPTION
Extent xviii, 414 pages : illustrations
650 ## - SUBJECT ADDED ENTRY--TOPICAL TERM
Topical term or geographic name entry element ORGANIZATIONAL EFFECTIVENESS
650 #0 - SUBJECT ADDED ENTRY--TOPICAL TERM
Topical term or geographic name entry element LEADERSHIP
650 #0 - SUBJECT ADDED ENTRY--TOPICAL TERM
Topical term or geographic name entry element INDUSTRIAL MANAGEMENT
700 ## - ADDED ENTRY--PERSONAL NAME
Personal name Hunt, James
700 ## - ADDED ENTRY--PERSONAL NAME
Personal name Fernando, Mario
700 ## - ADDED ENTRY--PERSONAL NAME
Personal name McMurray, Adela
700 ## - ADDED ENTRY--PERSONAL NAME
Personal name mcKenna, Bernard
700 ## - ADDED ENTRY--PERSONAL NAME
Personal name Muenjohn, Nuttawuth
700 ## - ADDED ENTRY--PERSONAL NAME
Personal name Intezari, Ali
700 ## - ADDED ENTRY--PERSONAL NAME
Personal name Bankins, Sarah
700 ## - ADDED ENTRY--PERSONAL NAME
Personal name Waterhouse, Jennifer
995 ## - RECOMMENDATION 995 [LOCAL, UNIMARC FRANCE]
-- 71.12
-- CBU-MAIN LIBRARY (Kitwe)
-- 1
-- AVAILABLE
-- Aug 7, 2020
-- Main Library Open Access Collection
Holdings
Withdrawn status Lost status Source of classification or shelving scheme Damaged status Not for loan Home library Current library Shelving location Date acquired Total Checkouts Full call number Barcode Date last seen Price effective from Koha item type
          CBU-MAIN LIBRARY, KITWE. CBU-MAIN LIBRARY, KITWE.   11/30/2022   HD 57.7 Mue 750159 11/30/2022 11/30/2022 MONOGRAPH